| 000 | 01171ngm a22004090a 4500 | ||
|---|---|---|---|
| 001 | PT55134 | ||
| 003 | AR-LpoUNG | ||
| 005 | 20210201232359.0 | ||
| 007 | co ||u|||uuuuu | ||
| 008 | 191001s2007||||ag |||||||||||||||||spa d | ||
| 037 | _c$HASH(0x55a8ebf45330) | ||
| 040 |
_aAR-LpoUNG _bspa _cAR-LpoUNG _eaacr |
||
| 041 | _aspa | ||
| 044 | _aag | ||
| 082 | 0 | _a333.3 917pro | |
| 100 | 1 |
_aRivara, Raúl _epról. |
|
| 245 | 1 | 0 |
_aNuestra provincia, nuestro campo : _bel sector agropecuario de la Provincia de Buenos Aires |
| 250 | _a1ra. ed. | ||
| 260 |
_aLa Plata : _bMinisterio de Asuntos Agrarios, _c[2007]. |
||
| 300 | _atbls., gráfs., fot. | ||
| 650 | 4 | _aAGRICULTURA | |
| 650 | 4 | _aAGROINDUSTRIA | |
| 650 | 4 | _aANALISIS HISTORICO | |
| 650 | 4 | _aARGENTINA | |
| 650 | 4 | _aDESARROLLO RURAL | |
| 650 | 4 | _aESTRUCTURA AGRARIA | |
| 650 | 4 | _aEXPORTACIONES | |
| 650 | 4 | _aGOBIERNO LOCAL | |
| 650 | 4 | _aINGENIERIA AGRICOLA | |
| 650 | 4 | _aMAQUINARIA AGRICOLA | |
| 650 | 4 | _aNUEVA TECNOLOGIA | |
| 650 | 4 | _aSECTOR AGROPECUARIO | |
| 651 | 4 | _aArgentina | |
| 710 | 2 | _aBuenos Aires (provincia). Ministerio de Asuntos Agrarios | |
| 905 | _a55134 | ||
| 942 | _cCDDVD | ||
| 999 |
_c53511 _d53511 |
||